00000000nam 2200000zi 4500
0019.945625
003CaOODSP
00520241127091055
006m     o  d f      
007cr mn|||||||||
008241127e198901##onc     o    f000 0 fre d
040 |aCaOODSP|bfre|erda|cCaOODSP
043 |an-cn---
0861 |aCo22-776/1989F-PDF
24504|aLes changements qui s'imposent / |cDirection générale de la gestion des ressources humaines.
264 1|a[Ottawa] : |bGouvernement du Canada, Ministère des communications = Government of Canada, Department of Communications, |cjanvier 1989.
300 |a1 ressource en ligne (28 pages)
336 |atexte|btxt|2rdacontent/fre
337 |ainformatique|bc|2rdamedia/fre
338 |aressource en ligne|bcr|2rdacarrier/fre
500 |aPublié aussi en anglais sous le titre : Challenge for change.
500 |aÉdition numérisée de l'imprimé [par Innovation, sciences et développement économique Canada].
61016|aCanada. |bCommunications Canada|xGestion.
61016|aCanada. |bCommunications Canada|xPersonnel|xDirection.
650 6|aChangement organisationnel|zCanada.
7101 |aCanada. |bCommunications Canada, |eorganisme de publication.
77508|tChallenge for change / |w(CaOODSP)9.939842
85640|qPDF|s589 Ko|uhttps://publications.gc.ca/collections/collection_2024/isde-ised/co22/Co22-776-1989-fra.pdf